| 000 -CABECERA |
| campo de control de longitud fija |
01960nam a2200289 u 4500 |
| 001 - NÚMERO DE CONTROL |
| campo de control |
000087446 |
| 005 - FECHA Y HORA DE LA ÚLTIMA TRANSACCIÓN |
| campo de control |
20200120224957.0 |
| 008 - DATOS DE LONGITUD FIJA--INFORMACIÓN GENERAL |
| campo de control de longitud fija |
110518s2011 sp gr|||| 000 f spa d |
| 020 ## - NÚMERO INTERNACIONAL ESTÁNDAR DEL LIBRO |
| Número Internacional Estándar del Libro |
9789584228246 |
| 041 ## - CÓDIGO DE LENGUA |
| Código de lengua del texto/banda sonora o título independiente |
spa |
| 043 ## - CÓDIGO DE ÁREA GEOGRÁFICA |
| Código de área geográfica |
e-sp--- |
| 090 ## - LOCALMENTE ASIGNADO TIPO-LC NÚMERO DE CLASIFICACIÓN (OCLC); NÚMERO DE CLASIFICACIÓN LOCAL (RLIN) |
| Número de clasificación (OCLC) (R) ; Numero de clasificación, CALL (RLIN) (NR) |
AN |
| Número cutter local (OCLC) ; Número de libro/Signatura topográfica íntegra, CALL (RLIN) |
BENJma |
| 100 1# - ENTRADA PRINCIPAL--NOMBRE DE PERSONA |
| Nombre de persona |
Benítez, J. J., |
| Fechas asociadas al nombre |
1947- |
| 245 10 - MENCIÓN DE TÍTULO |
| Título |
Caballo de Troya 2 : |
| Resto del título |
Masada / |
| Mención de responsabilidad, etc. |
J. J. Benítez. |
| 250 ## - MENCIÓN DE EDICIÓN |
| Mención de edición |
1a. ed. |
| 260 ## - PUBLICACIÓN, DISTRIBUCIÓN, ETC. |
| Lugar de publicación, distribución, etc. |
Barcelona (España) : |
| Nombre del editor, distribuidor, etc. |
Planeta, |
| Fecha de publicación, distribución, etc. |
2011. |
| 300 ## - DESCRIPCIÓN FÍSICA |
| Extensión |
555 páginas. |
| 490 #0 - MENCIÓN DE SERIE |
| Mención de serie |
Caballo de Troya |
| Designación de volumen o secuencia |
2 |
| 500 ## - NOTA GENERAL |
| Nota general |
Incluye índice |
| 520 ## - SUMARIO, ETC. |
| Sumario, etc. |
"Con esta novela-testimonio, J. J. Benítez completa el famoso diario del mayor norteamericano que "saltó" a los tiempos de Jesús de Nazaret. Si en Jerusalén. Caballo de Troya 1 se afirmaba que los evangelistas no habían contado la verdad sobre el Nazareno, en esta nueva obra vuelve a demostrarse. Y J. J. Benítez lo hace en otros dos oscuros y fascinantes capítulos de la vida de Cristo: sus apariciones después de muerto y su infancia. Conozca cómo se preparó este segundo "traslado" a la Palestina del año 30. Sepa también "algo" que el mundo ha ignorado: el diabólico plan ruso-norteamericano Rapto de Europa. En cuanto a los descubrimientos de Jasón en esta segunda "exploración", he aquí algunos de los que desvela Masada. Caballo de Troya 2: ¿sabía usted, por ejemplo, que en la llamada "última cena" muchas de las palabras del Galileo fueron manipuladas e ignoradas por los sucesores de san Pedro? ¿Sabía que las apariciones del Maestro después de su resurrección fueron más numerosas que las relatadas por los Evangelios? ¿Imaginaba usted que María, la madre del Hijo del Hombre, habría sido calificada hoy como "nacionalista"?..." |
| 650 17 - PUNTO DE ACCESO ADICIONAL DE MATERIA--TÉRMINO DE MATERIA |
| Término de materia o nombre geográfico como elemento de entrada |
Novela adulto |
| 650 27 - PUNTO DE ACCESO ADICIONAL DE MATERIA--TÉRMINO DE MATERIA |
| Término de materia o nombre geográfico como elemento de entrada |
Novela histórica |
| 650 27 - PUNTO DE ACCESO ADICIONAL DE MATERIA--TÉRMINO DE MATERIA |
| Término de materia o nombre geográfico como elemento de entrada |
Literatura adulto |
| 650 27 - PUNTO DE ACCESO ADICIONAL DE MATERIA--TÉRMINO DE MATERIA |
| Término de materia o nombre geográfico como elemento de entrada |
Literatura española |
| 650 27 - PUNTO DE ACCESO ADICIONAL DE MATERIA--TÉRMINO DE MATERIA |
| Término de materia o nombre geográfico como elemento de entrada |
Jesucristo en la literatura |
| 650 27 - PUNTO DE ACCESO ADICIONAL DE MATERIA--TÉRMINO DE MATERIA |
| Término de materia o nombre geográfico como elemento de entrada |
Apariciones y milagros en la literatura |